000 00979cam a22002054a 4500
005 20250605163921.0
008 250528s ||||||||||||||||||||||||d
035 _a14413
020 _a1841693944
040 _aGR-AtMCL
_bgre
_dGR-AtMCL
_eAACR2
245 1 _aA Student's Guide to Studying Psychology / Third Edition
250 _a3rd
260 _bPsychology Press, Ltd,
_c2005
300 _a236
520 _aAn invaluable aid to help students get the most out of their studies and achieve their potential. Preface, Ackwowledgements, Introduction to Psychology, A Study Guide to Lectures and Seminars and Tutorials, A Guide to Essay Writing and Referencing, A Guide to Research Methods, Ethics in Research, Empirical Research Report Writing, A Guide to Preparing for Examinations, After the Degree: Opportunities for a Psychology Graduate, References, Author and Subject Index.
700 1 _aHeffernan Thomas M
_961
942 _cBK
999 _c46
_d46